Wszystkie kraje które wygrały Euro - Statystyki

Ogólne statystyki
  • Ten quiz został rozwiązany 1 016 razy
    617 od ostatniego zresetowania
  • Średni wynik to 14 z 17
Statystyki odpowiedzi
Wskazówki Odpowiedzi % Poprawnych
2024 Hiszpania
99%
2012 Hiszpania
99%
2008 Hiszpania
99%
1964 Hiszpania
99%
2016 Portugalia
94%
2020/2021 Włochy
93%
1968 Włochy
93%
2000 Francja
92%
1984 Francja
92%
1996 Niemcy
91%
1980 RFN
91%
1972 RFN
91%
2004 Grecja
73%
1960 ZSRR
73%
1988 Holandia
62%
1976 Czechosłowacja
53%
1992 Dania
53%
Nie znaleziono quizów pasujących do podanych kryteriów
Rozkład punktacji
Procent ludzi z każdym wynikiem
Percentyl według liczby udzielonych odpowiedzi
Twoja historia wyników
Nie rozwiązałeś tego quizu od ostatniego zresetowania